| 000 | 01033nam a2200265Ia 4500 | ||
|---|---|---|---|
| 003 | OSt | ||
| 005 | 20200827102307.0 | ||
| 008 | 191128s2007 ck a fr 000 0dspa d | ||
| 020 | _a9789586484770 | ||
| 040 |
_aCO-JMCR _cCO-JMCR |
||
| 041 | 0 | _aspa | |
| 082 | 0 | 4 |
_a350.722 / _bR652p _223 |
| 100 | 1 |
_aRomero Romero, Enrique, _eautor _96475 |
|
| 245 | 1 | 0 |
_aPresupuesto público y contabilidad gubernamental / _cEnrique Romero Romero |
| 250 | _aTercera edición | ||
| 260 |
_aBogotá : _bEcoe, _c2007 |
||
| 300 |
_a308 páginas : _bilustraciones a blanco y negro ; _c24 cm. |
||
| 490 | 0 | _aTextos universitarios. Contabilidad y finanzas | |
| 500 | _aIncluye datos biográficos del autor en solapa frontal. | ||
| 504 | _aBibliografía: páginas 263-265 | ||
| 505 | 0 | _aEstructura administrativa del Estado colombiano -- Planeación y presupuesto -- Sistema Nacional de Contabilidad Pública -- El control del Estado | |
| 650 | 1 | 4 |
_aHacienda pública _zColombia _96814 |
| 650 | 1 | 4 |
_aContabilidad _zColombia _99338 |
| 942 |
_2ddc _cBK |
||
| 999 |
_c5783 _d5783 |
||